[Event "12e Open de Quenza"]
[Site "Quenza"]
[Date "2023.07.23"]
[Round "3.7"]
[White "Travadon, Loic"]
[Black "Bouslimi, Nabil"]
[Result "1-0"]
[BlackElo "2087"]
[WhiteElo "2463"]
[LiveChessVersion "1.4.6"]

1. e4 {[%clk 0:05:03]} e6 {[%clk 0:05:03]} 2. d4 d5 3. Bd3 {[%clk 0:05:03]} c5
{[%clk 0:05:02]} 4. exd5 {[%clk 0:05:03]} cxd4 {[%clk 0:05:02]} 5. dxe6
{[%clk 0:05:03]} Bxe6 {[%clk 0:05:02]} 6. Nf3 {[%clk 0:05:03]} Nc6
{[%clk 0:05:02]} 7. O-O {[%clk 0:05:03]} Bc5 {[%clk 0:05:02]} 8. Re1
{[%clk 0:05:03]} h6 {[%clk 0:04:54]} 9. Bc4 {[%clk 0:04:59]} Qd7 {[%clk 0:04:46]}
10. Bxe6 {[%clk 0:04:59]} fxe6 {[%clk 0:04:46]} 11. Nbd2 {[%clk 0:04:59]} Nf6
{[%clk 0:04:36]} 12. Qe2 {[%clk 0:04:59]} Nb4 {[%clk 0:04:30]} 13. Nb3
{[%clk 0:04:59]} Bb6 {[%clk 0:04:27]} 14. a3 {[%clk 0:04:59]} Nc6
{[%clk 0:03:58]} 15. Bf4 {[%clk 0:04:52]} O-O {[%clk 0:03:50]} 16. Qxe6+
{[%clk 0:04:52]} Qxe6 {[%clk 0:03:50]} 17. Rxe6 {[%clk 0:04:52]} Nd8
{[%clk 0:03:16]} 18. Re2 {[%clk 0:04:45]} Nc6 {[%clk 0:03:14]} 19. Rd1
{[%clk 0:04:44]} Rad8 {[%clk 0:03:14]} 20. Bg3 {[%clk 0:04:38]} Rd5
{[%clk 0:03:08]} 21. Nc1 {[%clk 0:04:25]} g5 {[%clk 0:02:54]} 22. Nd3
{[%clk 0:04:24]} h5 {[%clk 0:02:54]} 23. h4 {[%clk 0:04:24]} g4 {[%clk 0:02:50]}
24. Ng5 {[%clk 0:04:24]} Rf5 {[%clk 0:02:46]} 25. Nf4 {[%clk 0:04:23]} Bc7
{[%clk 0:02:41]} 26. Nfe6 {[%clk 0:04:19]} Bxg3 {[%clk 0:02:40]} 27. fxg3
{[%clk 0:04:19]} Re8 {[%clk 0:02:40]} 28. Nxd4 {[%clk 0:04:14]} Rxe2
{[%clk 0:02:12]} 29. Nxe2 Re5 30. Nf4 {[%clk 0:04:13]} Kg7 {[%clk 0:02:07]} 31.
Kf2 {[%clk 0:04:06]} Ne7 {[%clk 0:01:59]} 32. Nfe6+ {[%clk 0:03:59]} Kg6
{[%clk 0:01:59]} 33. Nf8+ {[%clk 0:03:51]} Kg7 {[%clk 0:01:59]} 34. Nd7
{[%clk 0:03:51]} Rf5+ {[%clk 0:01:59]} 35. Kg1 {[%clk 0:03:51]} Rd5
{[%clk 0:01:54]} 36. Rxd5 {[%clk 0:03:49]} Nfxd5 {[%clk 0:01:52]} 37. Kf2
{[%clk 0:03:49]} b6 {[%clk 0:01:49]} 38. Ne6+ {[%clk 0:03:42]} Kf7
{[%clk 0:01:49]} 39. Nd4 {[%clk 0:03:41]} Ng6 {[%clk 0:01:46]} 40. Nb8
{[%clk 0:03:41]} Ke8 {[%clk 0:01:39]} 41. Nbc6 {[%clk 0:03:41]} a6
{[%clk 0:01:30]} 42. Nb4 {[%clk 0:03:38]} Nc7 {[%clk 0:01:24]} 43. Ke3
{[%clk 0:03:37]} a5 {[%clk 0:01:24]} 44. Nd3 {[%clk 0:03:36]} Ke7
{[%clk 0:01:24]} 45. Nf4 {[%clk 0:03:35]} Kf6 {[%clk 0:01:05]} 46. Nxh5+
{[%clk 0:03:32]} Ke5 {[%clk 0:01:05]} 47. Nf4 {[%clk 0:03:32]} Ne7
{[%clk 0:00:56]} 48. Nd3+ {[%clk 0:03:32]} Kf6 {[%clk 0:00:56]} 49. Nf2
{[%clk 0:03:28]} Ne8 {[%clk 0:00:54]} 50. Nxg4+ {[%clk 0:03:28]} Kf7
{[%clk 0:00:54]} 51. Ne5+ {[%clk 0:03:28]} Kg7 {[%clk 0:00:54]} 52. Nd3
{[%clk 0:03:28]} Nd6 {[%clk 0:00:54]} 53. Nf4 {[%clk 0:03:28]} Kf6
{[%clk 0:00:54]} 54. b3 {[%clk 0:03:28]} Ke5 {[%clk 0:00:51]} 55. Nd3+
{[%clk 0:03:28]} Kf6 {[%clk 0:00:51]} 56. c4 {[%clk 0:03:28]} a4 {[%clk 0:00:51]}
57. c5 {[%clk 0:03:24]} bxc5 {[%clk 0:00:46]} 58. Nxc5 {[%clk 0:03:24]} axb3
{[%clk 0:00:46]} 59. Ncxb3 {[%clk 0:03:24]} Nc4+ {[%clk 0:00:46]} 60. Kf4
{[%clk 0:03:24]} Ng6+ {[%clk 0:00:44]} 61. Kg4 {[%clk 0:03:24]} Nxa3 62. Nd2
{[%clk 0:03:24]} Ne5+ {[%clk 0:00:38]} 63. Kh5 {[%clk 0:03:23]} Nd3
{[%clk 0:00:37]} 64. Ne2 {[%clk 0:03:06]} Nb5 {[%clk 0:00:32]} 65. g4
{[%clk 0:03:06]} Nd6 {[%clk 0:00:30]} 66. g5+ {[%clk 0:03:06]} Kg7
{[%clk 0:00:30]} 67. Kg4 {[%clk 0:03:04]} Ne5+ {[%clk 0:00:30]} 68. Kh3
{[%clk 0:03:00]} Nf5 {[%clk 0:00:26]} 69. Nf3 {[%clk 0:02:55]} Nd3
{[%clk 0:00:26]} 70. g3 {[%clk 0:02:45]} Nf2+ {[%clk 0:00:22]} 71. Kg2
{[%clk 0:02:45]} Ne4 {[%clk 0:00:22]} 72. Ne5 {[%clk 0:02:41]} Nd2
{[%clk 0:00:22]} 73. Ng4 {[%clk 0:02:38]} Nc4 {[%clk 0:00:21]} 74. Nf4
{[%clk 0:02:36]} Ncd6 {[%clk 0:00:21]} 75. Nf6 {[%clk 0:02:16]} Ne3+
{[%clk 0:00:19]} 76. Kf3 {[%clk 0:02:16]} Nef5 {[%clk 0:00:19]} 77. N6h5+
{[%clk 0:02:16]} Kg8 {[%clk 0:00:19]} 78. Kg4 {[%clk 0:02:10]} Ne3+
{[%clk 0:00:19]} 79. Kh3 {[%clk 0:02:10]} Ne4 {[%clk 0:00:18]} 80. Nf6+
{[%clk 0:01:46]} Nxf6 81. gxf6 {[%clk 0:01:46]} Kf7 {[%clk 0:00:18]} 82. Nh5
{[%clk 0:01:46]} Kg6 {[%clk 0:00:18]} 83. g4 {[%clk 0:01:46]} Nf1
{[%clk 0:00:18]} 84. g5 {[%clk 0:01:44]} Ne3 {[%clk 0:00:18]} 85. Ng3
{[%clk 0:01:43]} Nd5 {[%clk 0:00:18]} 86. Kg2 {[%clk 0:01:43]} Ne3+
{[%clk 0:00:11]} 87. Kf2 {[%clk 0:01:43]} Nc4 {[%clk 0:00:11]} 88. Kf3
{[%clk 0:01:42]} Ne5+ {[%clk 0:00:11]} 89. Kf4 {[%clk 0:01:42]} Nd3+
{[%clk 0:00:11]} 90. Ke4 {[%clk 0:01:42]} Nc5+ {[%clk 0:00:11]} 91. Kd5
{[%clk 0:01:40]} Nd7 {[%clk 0:00:09]} 92. Nf1 {[%clk 0:01:37]} Nf8
{[%clk 0:00:07]} 93. Ne3 {[%clk 0:01:33]} Nd7 {[%clk 0:00:04]} 94. Kd6
{[%clk 0:01:33]} Nxf6 {[%clk 0:00:04]} 95. gxf6 {[%clk 0:01:32]} Kxf6
{[%clk 0:00:04]} 96. Kd5 {[%clk 0:01:32]} Kg6 {[%clk 0:00:04]} 97. Ke4
{[%clk 0:01:32]} Kh5 {[%clk 0:00:04]} 98. Ng2 {[%clk 0:01:32]} Kg4
{[%clk 0:00:04]} 99. Ke5 {[%clk 0:01:32]} Kh5 {[%clk 0:00:04]} 100. Kf6
{[%clk 0:01:32]} Kh6 {[%clk 0:00:04]} 101. Kf5 Kh5 102. Kf4 {[%clk 0:01:32]} Kh6
{[%clk 0:00:04]} 103. Kg4 {[%clk 0:01:32]} Kg6 {[%clk 0:00:04]} 104. Kg3
{[%clk 0:01:32]} Kh5 {[%clk 0:00:04]} 105. Kh3 {[%clk 0:01:32]} Kh6
{[%clk 0:00:04]} 106. Nf4 Kh7 107. Kg3 {[%clk 0:01:32]} Kh6 {[%clk 0:00:04]} 108.
Kg4 Kh7 109. h5 {[%clk 0:01:32]} Kh6 {[%clk 0:00:04]} 110. Ng2 {[%clk 0:01:32]}
Kh7 {[%clk 0:00:04]} 111. Ne1 {[%clk 0:01:32]} Kh6 {[%clk 0:00:04]} 112. Nd3
{[%clk 0:01:32]} Kh7 {[%clk 0:00:04]} 113. Nf2 Kh6 114. Ne4 {[%clk 0:01:32]} Kh7
{[%clk 0:00:04]} 115. Nd6 {[%clk 0:01:32]} Kh6 {[%clk 0:00:04]} 116. Nf5+
{[%clk 0:01:32]} Kh7 {[%clk 0:00:04]} 117. Kh4 {[%clk 0:01:32]} Kh8
{[%clk 0:00:04]} 118. Kg5 {[%clk 0:01:32]} Kh7 {[%clk 0:00:04]} 119. h6
{[%clk 0:01:32]} Kh8 {[%clk 0:00:04]} 120. Kg6 {[%clk 0:01:32]} Kg8
{[%clk 0:00:04]} 121. Nd6 {[%clk 0:01:31]} 1-0

[Event "12e Open de Quenza"]
[Site "Quenza"]
[Date "2023.07.23"]
[Round "3.8"]
[White "Utrera, Ludovic"]
[Black "Glek, Igor"]
[Result "0-1"]
[BlackElo "2410"]
[WhiteElo "2069"]
[LiveChessVersion "1.4.6"]

1. e4 {[%clk 0:05:03]} c5 {[%clk 0:05:03]} 2. Nc3 {[%clk 0:05:03]} a6
{[%clk 0:05:03]} 3. Nge2 {[%clk 0:05:03]} e5 {[%clk 0:05:02]} 4. g3
{[%clk 0:05:03]} Nc6 {[%clk 0:05:02]} 5. Bg2 {[%clk 0:05:03]} g6 {[%clk 0:05:02]}
6. O-O {[%clk 0:05:03]} Bg7 {[%clk 0:05:02]} 7. d3 {[%clk 0:05:03]} Nge7
{[%clk 0:05:02]} 8. Bg5 {[%clk 0:04:41]} h6 {[%clk 0:04:53]} 9. Be3
{[%clk 0:04:41]} d6 {[%clk 0:04:53]} 10. f4 {[%clk 0:04:34]} Nd4 {[%clk 0:04:23]}
11. h3 {[%clk 0:04:19]} Be6 {[%clk 0:04:23]} 12. Qd2 {[%clk 0:04:18]} Qd7
{[%clk 0:04:20]} 13. Kh2 {[%clk 0:04:18]} Rc8 {[%clk 0:03:25]} 14. Nd5
{[%clk 0:03:22]} Bxd5 {[%clk 0:03:21]} 15. exd5 {[%clk 0:03:22]} Nxe2
{[%clk 0:03:07]} 16. Qxe2 {[%clk 0:03:20]} exf4 {[%clk 0:03:04]} 17. Bxf4
{[%clk 0:03:20]} Bxb2 {[%clk 0:02:47]} 18. Rab1 {[%clk 0:03:11]} Bg7
{[%clk 0:02:47]} 19. Rfe1 {[%clk 0:02:59]} Bc3 {[%clk 0:02:35]} 20. Bd2
{[%clk 0:02:53]} Bxd2 {[%clk 0:02:33]} 21. Qxd2 {[%clk 0:02:53]} Kf8
{[%clk 0:02:33]} 22. Rb6 {[%clk 0:02:49]} Rc7 {[%clk 0:02:08]} 23. Qc3
{[%clk 0:02:05]} Kg8 {[%clk 0:02:00]} 24. Qf6 {[%clk 0:02:05]} Nc8
{[%clk 0:02:00]} 25. Rbb1 {[%clk 0:02:05]} Kh7 {[%clk 0:02:00]} 26. Be4
{[%clk 0:01:59]} Qd8 {[%clk 0:02:00]} 27. Qf4 {[%clk 0:01:51]} Re8
{[%clk 0:01:49]} 28. h4 {[%clk 0:01:49]} h5 {[%clk 0:01:38]} 29. Re3
{[%clk 0:01:34]} f5 {[%clk 0:01:31]} 30. Bg2 {[%clk 0:01:33]} Rxe3
{[%clk 0:01:31]} 31. Qxe3 {[%clk 0:01:33]} Re7 {[%clk 0:01:31]} 32. Qg5
{[%clk 0:01:33]} Qe8 {[%clk 0:01:21]} 33. c4 {[%clk 0:01:33]} Qd7
{[%clk 0:01:08]} 34. Bf3 {[%clk 0:01:19]} b6 {[%clk 0:01:04]} 35. a4
{[%clk 0:01:16]} a5 {[%clk 0:01:04]} 36. Rf1 {[%clk 0:01:09]} Rf7
{[%clk 0:00:55]} 37. Re1 {[%clk 0:01:09]} Re7 {[%clk 0:00:55]} 38. Rf1
{[%clk 0:01:09]} Qe8 {[%clk 0:00:55]} 39. Rf2 Re5 {[%clk 0:00:55]} 40. Qf4
{[%clk 0:00:38]} Qe7 {[%clk 0:00:55]} 41. Rb2 {[%clk 0:00:38]} Qf6
{[%clk 0:00:55]} 42. Rf2 {[%clk 0:00:38]} Re7 43. Rg2 {[%clk 0:00:38]} Qe5
{[%clk 0:00:52]} 44. Qg5 {[%clk 0:00:37]} Qg7 {[%clk 0:00:52]} 45. Rf2
{[%clk 0:00:37]} Re5 {[%clk 0:00:52]} 46. Qd8 {[%clk 0:00:37]} Qb7
{[%clk 0:00:47]} 47. Bg2 {[%clk 0:00:33]} Re7 {[%clk 0:00:47]} 48. Qf8
{[%clk 0:00:33]} Rf7 {[%clk 0:00:47]} 49. Qe8 {[%clk 0:00:33]} Qd7
{[%clk 0:00:47]} 50. Qe3 {[%clk 0:00:33]} Qe7 {[%clk 0:00:47]} 51. Qf4
{[%clk 0:00:33]} Qe5 {[%clk 0:00:47]} 52. Qg5 {[%clk 0:00:33]} Qf6
{[%clk 0:00:46]} 53. Qf4 {[%clk 0:00:33]} Re7 {[%clk 0:00:46]} 54. Qf3
{[%clk 0:00:33]} Qe5 {[%clk 0:00:46]} 55. Qd1 {[%clk 0:00:33]} Qe3
{[%clk 0:00:44]} 56. Rf3 {[%clk 0:00:32]} Qe2 {[%clk 0:00:44]} 57. Qb3
{[%clk 0:00:32]} Qd2 {[%clk 0:00:43]} 58. Qb5 {[%clk 0:00:32]} Re2
{[%clk 0:00:43]} 59. Qd7+ {[%clk 0:00:32]} Ne7 {[%clk 0:00:43]} 60. Kh3
{[%clk 0:00:32]} Kg7 {[%clk 0:00:43]} 61. Qe8 {[%clk 0:00:29]} Ng8
{[%clk 0:00:42]} 62. Qd7+ {[%clk 0:00:29]} Kh8 {[%clk 0:00:42]} 63. Qxd6
{[%clk 0:00:17]} Rxg2 {[%clk 0:00:42]} 64. Qe5+ {[%clk 0:00:11]} Kh7
{[%clk 0:00:42]} 65. Qc7+ {[%clk 0:00:11]} Kh6 {[%clk 0:00:42]} 66. Qf4+
{[%clk 0:00:11]} Qxf4 {[%clk 0:00:42]} 67. Rxf4 {[%clk 0:00:11]} Rd2 68. Rf3 Nf6
{[%clk 0:00:40]} 69. Rf4 {[%clk 0:00:08]} Ng4 {[%clk 0:00:40]} 0-1

[Event "12e Open de Quenza"]
[Site "Quenza"]
[Date "2023.07.23"]
[Round "4.1"]
[White "Skripchenko, Almira"]
[Black "Fressinet, Laurent"]
[Result "0-1"]
[BlackElo "2652"]
[WhiteElo "2380"]
[LiveChessVersion "1.4.6"]

1. e4 {[%clk 0:05:03]} e5 {[%clk 0:05:03]} 2. Nf3 {[%clk 0:05:03]} Nc6
{[%clk 0:05:03]} 3. Bb5 {[%clk 0:04:57]} a6 {[%clk 0:05:03]} 4. Ba4
{[%clk 0:04:57]} Nf6 {[%clk 0:05:03]} 5. Nc3 {[%clk 0:04:57]} Be7
{[%clk 0:04:50]} 6. d3 {[%clk 0:04:52]} b5 {[%clk 0:04:45]} 7. Bb3
{[%clk 0:04:52]} d6 {[%clk 0:04:45]} 8. a3 {[%clk 0:04:52]} O-O {[%clk 0:04:42]}
9. h3 {[%clk 0:04:46]} Na5 {[%clk 0:04:42]} 10. Ba2 {[%clk 0:04:46]} Be6
{[%clk 0:04:42]} 11. b4 {[%clk 0:04:24]} Bxa2 {[%clk 0:04:40]} 12. Rxa2
{[%clk 0:04:24]} Nc6 {[%clk 0:04:40]} 13. Bg5 {[%clk 0:04:06]} Ne8
{[%clk 0:04:30]} 14. Be3 {[%clk 0:03:49]} f5 {[%clk 0:04:28]} 15. exf5
{[%clk 0:03:42]} Rxf5 {[%clk 0:04:09]} 16. d4 {[%clk 0:03:25]} exd4
{[%clk 0:03:33]} 17. Nxd4 {[%clk 0:03:25]} Nxd4 {[%clk 0:03:33]} 18. Bxd4
{[%clk 0:03:25]} c5 {[%clk 0:03:16]} 19. Be3 {[%clk 0:03:17]} cxb4
{[%clk 0:03:13]} 20. Nd5 {[%clk 0:02:13]} bxa3 {[%clk 0:02:45]} 21. Rxa3
{[%clk 0:02:03]} Nf6 {[%clk 0:02:45]} 22. Nxe7+ {[%clk 0:01:06]} Qxe7
{[%clk 0:02:45]} 23. O-O {[%clk 0:01:06]} b4 {[%clk 0:02:31]} 24. Ra4
{[%clk 0:01:00]} a5 {[%clk 0:02:28]} 25. Qd3 {[%clk 0:00:55]} Rd5
{[%clk 0:02:08]} 26. Qb3 {[%clk 0:00:55]} Qf7 {[%clk 0:02:04]} 27. Rfa1
{[%clk 0:00:55]} Rb5 {[%clk 0:01:57]} 28. Qd3 {[%clk 0:00:45]} Qd5
{[%clk 0:01:57]} 29. Qe2 {[%clk 0:00:39]} Ne4 {[%clk 0:01:53]} 30. c4
{[%clk 0:00:26]} bxc3 {[%clk 0:01:03]} 31. Rxe4 {[%clk 0:00:26]} Rb2
{[%clk 0:01:03]} 32. Qf3 {[%clk 0:00:26]} Rf8 {[%clk 0:00:59]} 33. Qg4
{[%clk 0:00:20]} c2 {[%clk 0:00:47]} 34. Rc1 {[%clk 0:00:08]} Rb1
{[%clk 0:00:44]} 35. Re7 {[%clk 0:00:08]} g6 {[%clk 0:00:44]} 36. Qd7
{[%clk 0:00:04]} Rf7 {[%clk 0:00:36]} 37. Bd4 {[%clk 0:00:04]} Rxc1+ 38. Kh2 Rh1+
{[%clk 0:00:35]} 39. Kxh1 {[%clk 0:00:04]} c1=Q+ {[%clk 0:00:35]} 40. Kh2
{[%clk 0:00:04]} Qf4+ {[%clk 0:00:29]} 41. Kg1 {[%clk 0:00:04]} Qdxd4
{[%clk 0:00:24]} 0-1

[Event "12e Open de Quenza"]
[Site "Quenza"]
[Date "2023.07.23"]
[Round "4.2"]
[White "Bellahcene, Bilel"]
[Black "Kuzmicz, Krystian"]
[Result "1-0"]
[BlackElo "2466"]
[WhiteElo "2520"]
[LiveChessVersion "1.4.6"]

1. e4 {[%clk 0:05:03]} g6 {[%clk 0:05:03]} 2. d4 {[%clk 0:05:03]} Bg7
{[%clk 0:05:03]} 3. Nc3 {[%clk 0:05:03]} d5 {[%clk 0:05:03]} 4. e5
{[%clk 0:05:00]} a6 {[%clk 0:04:42]} 5. f4 {[%clk 0:04:56]} Nh6 {[%clk 0:04:39]}
6. Nf3 {[%clk 0:04:54]} Bg4 {[%clk 0:04:39]} 7. Be3 {[%clk 0:04:52]} f6
{[%clk 0:04:31]} 8. h3 {[%clk 0:04:52]} Bxf3 {[%clk 0:04:31]} 9. Qxf3
{[%clk 0:04:52]} e6 {[%clk 0:04:09]} 10. g4 {[%clk 0:04:31]} O-O 11. Qg3
{[%clk 0:03:44]} c5 {[%clk 0:03:36]} 12. dxc5 {[%clk 0:03:22]} fxe5
{[%clk 0:03:32]} 13. fxe5 {[%clk 0:03:20]} Nc6 {[%clk 0:03:32]} 14. O-O-O
{[%clk 0:03:19]} Nf7 {[%clk 0:03:25]} 15. h4 {[%clk 0:02:56]} Nfxe5
{[%clk 0:03:14]} 16. Be2 {[%clk 0:02:29]} d4 {[%clk 0:03:08]} 17. Kb1
{[%clk 0:02:17]} Nd7 {[%clk 0:02:32]} 18. Bg5 {[%clk 0:02:14]} Qa5
{[%clk 0:02:32]} 19. Ne4 {[%clk 0:02:14]} Nxc5 {[%clk 0:02:32]} 20. Nxc5
{[%clk 0:02:12]} Qxc5 {[%clk 0:02:32]} 21. Qb3 {[%clk 0:02:10]} Qb4
{[%clk 0:02:23]} 22. Qxe6+ {[%clk 0:02:05]} Kh8 {[%clk 0:02:23]} 23. Qb3
{[%clk 0:02:05]} Qxb3 {[%clk 0:02:19]} 24. axb3 {[%clk 0:02:05]} Rae8
{[%clk 0:02:19]} 25. Rde1 {[%clk 0:01:58]} Re4 {[%clk 0:02:07]} 26. Bd1
{[%clk 0:01:54]} Rfe8 {[%clk 0:02:07]} 27. Rxe4 {[%clk 0:01:54]} Rxe4
{[%clk 0:02:07]} 28. Bf3 {[%clk 0:01:48]} Re6 {[%clk 0:02:07]} 29. h5
{[%clk 0:01:27]} gxh5 {[%clk 0:02:07]} 30. gxh5 {[%clk 0:01:25]} Bh6
{[%clk 0:02:02]} 31. Bh4 {[%clk 0:01:17]} Bf8 {[%clk 0:01:22]} 32. Rg1
{[%clk 0:01:14]} Bg7 {[%clk 0:01:09]} 33. Rf1 {[%clk 0:00:53]} Re8
{[%clk 0:01:02]} 34. Bd5 {[%clk 0:00:53]} Rf8 {[%clk 0:00:56]} 35. Re1
{[%clk 0:00:53]} Ne5 {[%clk 0:00:50]} 36. Bxb7 {[%clk 0:00:38]} h6
{[%clk 0:00:32]} 37. Bxa6 {[%clk 0:00:35]} Nf3 {[%clk 0:00:32]} 38. Rh1
{[%clk 0:00:35]} Nxh4 {[%clk 0:00:31]} 39. Rxh4 {[%clk 0:00:35]} Rf2
{[%clk 0:00:30]} 40. Bd3 {[%clk 0:00:35]} Rg2 {[%clk 0:00:29]} 41. b4
{[%clk 0:00:35]} Rg1+ {[%clk 0:00:29]} 42. Ka2 {[%clk 0:00:35]} Bf8
{[%clk 0:00:29]} 43. Rxd4 {[%clk 0:00:35]} Kg7 {[%clk 0:00:29]} 44. b5
{[%clk 0:00:35]} Rg5 {[%clk 0:00:29]} 45. Rh4 {[%clk 0:00:30]} Bc5
{[%clk 0:00:29]} 46. Rh3 {[%clk 0:00:30]} Kf6 {[%clk 0:00:29]} 47. Bg6
{[%clk 0:00:30]} Ke7 {[%clk 0:00:29]} 48. Rf3 {[%clk 0:00:30]} Kd6
{[%clk 0:00:29]} 49. Rf6+ {[%clk 0:00:30]} Kd7 {[%clk 0:00:29]} 50. Rf7+
{[%clk 0:00:30]} Kd6 {[%clk 0:00:29]} 51. Rh7 {[%clk 0:00:30]} Be3
{[%clk 0:00:27]} 52. b6 {[%clk 0:00:23]} Ra5+ {[%clk 0:00:23]} 53. Kb1
{[%clk 0:00:23]} Rb5 {[%clk 0:00:19]} 54. b7 {[%clk 0:00:23]} Bd4
{[%clk 0:00:19]} 55. b3 {[%clk 0:00:19]} Kc5 {[%clk 0:00:18]} 56. Kc1
{[%clk 0:00:19]} Bc3 {[%clk 0:00:16]} 57. Kd1 {[%clk 0:00:19]} Kd4
{[%clk 0:00:15]} 58. Rd7+ {[%clk 0:00:19]} Ke5 {[%clk 0:00:15]} 59. Ke2
{[%clk 0:00:19]} Ke6 {[%clk 0:00:15]} 60. Rc7 {[%clk 0:00:19]} Be5
{[%clk 0:00:15]} 61. Rh7 {[%clk 0:00:19]} Kd5 {[%clk 0:00:08]} 62. c4+
{[%clk 0:00:19]} 1-0

[Event "12e Open de Quenza"]
[Site "Quenza"]
[Date "2023.07.23"]
[Round "4.3"]
[White "Cahen, Alexis"]
[Black "Van Wely, Loek"]
[Result "0-1"]
[BlackElo "2644"]
[WhiteElo "2049"]
[LiveChessVersion "1.4.6"]

1. e4 {[%clk 0:05:03]} c5 {[%clk 0:05:03]} 2. Ne2 {[%clk 0:05:03]} d6
{[%clk 0:05:02]} 3. c4 {[%clk 0:05:03]} Nc6 {[%clk 0:04:41]} 4. Nbc3
{[%clk 0:05:03]} g6 {[%clk 0:04:41]} 5. g3 {[%clk 0:05:03]} Bg7 {[%clk 0:04:41]}
6. Bg2 {[%clk 0:05:03]} Bg4 {[%clk 0:04:33]} 7. h3 {[%clk 0:04:59]} Bxe2
{[%clk 0:04:33]} 8. Nxe2 {[%clk 0:04:59]} Nf6 {[%clk 0:04:32]} 9. Rb1
{[%clk 0:04:45]} Rb8 {[%clk 0:04:13]} 10. a3 {[%clk 0:04:35]} b5 {[%clk 0:04:03]}
11. cxb5 {[%clk 0:04:34]} Rxb5 {[%clk 0:04:03]} 12. Qa4 {[%clk 0:04:15]} Qa5
{[%clk 0:02:54]} 13. Qxa5 {[%clk 0:04:06]} Rxa5 {[%clk 0:02:32]} 14. d3
{[%clk 0:03:29]} Nd7 {[%clk 0:02:20]} 15. Bd2 {[%clk 0:03:16]} Rb5
{[%clk 0:02:20]} 16. b4 {[%clk 0:02:44]} cxb4 {[%clk 0:02:20]} 17. axb4
{[%clk 0:02:44]} a5 {[%clk 0:02:13]} 18. Nc3 {[%clk 0:01:58]} Rxb4
{[%clk 0:02:12]} 19. O-O {[%clk 0:01:56]} e6 {[%clk 0:01:39]} 20. Rfc1
{[%clk 0:01:17]} Nc5 {[%clk 0:01:19]} 21. Bf1 {[%clk 0:01:13]} Kd7
{[%clk 0:01:16]} 22. Na2 {[%clk 0:00:43]} Rxb1 {[%clk 0:01:00]} 23. Rxb1
{[%clk 0:00:43]} a4 {[%clk 0:00:56]} 24. Bc3 {[%clk 0:00:33]} Bxc3
{[%clk 0:00:54]} 25. Nxc3 {[%clk 0:00:33]} Ra8 {[%clk 0:00:49]} 26. Be2
{[%clk 0:00:26]} Nd4 {[%clk 0:00:49]} 27. Bd1 {[%clk 0:00:23]} a3
{[%clk 0:00:49]} 28. Ra1 {[%clk 0:00:13]} Ndb3 {[%clk 0:00:39]} 29. Ra2
{[%clk 0:00:10]} Nc1 {[%clk 0:00:39]} 30. Ra1 {[%clk 0:00:10]} N1xd3
{[%clk 0:00:39]} 31. Ba4+ {[%clk 0:00:10]} Nxa4 {[%clk 0:00:38]} 32. Rxa3
{[%clk 0:00:10]} Nb6 {[%clk 0:00:38]} 33. Na4 {[%clk 0:00:04]} Rxa4
{[%clk 0:00:38]} 34. Rxd3 {[%clk 0:00:04]} Rxe4 {[%clk 0:00:38]} 35. Rb3
{[%clk 0:00:04]} Nd5 {[%clk 0:00:38]} 36. Rb7+ {[%clk 0:00:04]} Ke8
{[%clk 0:00:38]} 37. Kg2 {[%clk 0:00:04]} h5 {[%clk 0:00:38]} 38. h4
{[%clk 0:00:04]} Rb4 {[%clk 0:00:38]} 39. Ra7 {[%clk 0:00:04]} Rb2
{[%clk 0:00:38]} 40. Kf3 {[%clk 0:00:04]} Nf6 {[%clk 0:00:38]} 41. Ra8+
{[%clk 0:00:04]} Ke7 {[%clk 0:00:38]} 42. Ra7+ {[%clk 0:00:04]} Kf8
{[%clk 0:00:38]} 43. Ra8+ {[%clk 0:00:04]} Kg7 {[%clk 0:00:38]} 44. Ke3
{[%clk 0:00:04]} Ng4+ {[%clk 0:00:38]} 45. Kd4 0-1

[Event "12e Open de Quenza"]
[Site "Quenza"]
[Date "2023.07.23"]
[Round "4.4"]
[White "Roux, Baptiste"]
[Black "Kosteniuk, Alexandra"]
[Result "0-1"]
[BlackElo "2532"]
[WhiteElo "2288"]
[LiveChessVersion "1.4.6"]

1. e4 {[%clk 0:05:03]} c6 {[%clk 0:05:03]} 2. Nf3 {[%clk 0:05:02]} d5
{[%clk 0:05:03]} 3. exd5 {[%clk 0:05:00]} cxd5 {[%clk 0:05:03]} 4. d4
{[%clk 0:05:00]} Nc6 {[%clk 0:05:03]} 5. Ne5 {[%clk 0:05:00]} Nf6
{[%clk 0:04:53]} 6. Bb5 {[%clk 0:05:00]} Bd7 {[%clk 0:04:53]} 7. Nxd7
{[%clk 0:05:00]} Qxd7 {[%clk 0:04:53]} 8. c3 {[%clk 0:05:00]} e6 {[%clk 0:04:53]}
9. O-O {[%clk 0:05:00]} Bd6 {[%clk 0:04:48]} 10. Nd2 {[%clk 0:04:57]} Qc7
{[%clk 0:04:45]} 11. g3 {[%clk 0:03:57]} O-O {[%clk 0:04:39]} 12. Re1
{[%clk 0:03:46]} a6 {[%clk 0:04:37]} 13. Bd3 {[%clk 0:03:46]} e5 {[%clk 0:04:31]}
14. dxe5 {[%clk 0:03:45]} Nxe5 {[%clk 0:04:31]} 15. Nf3 {[%clk 0:03:45]} Nxd3
{[%clk 0:04:03]} 16. Qxd3 {[%clk 0:03:45]} h6 {[%clk 0:03:54]} 17. Qf5
{[%clk 0:03:02]} Qd8 {[%clk 0:03:07]} 18. Be3 {[%clk 0:02:35]} Re8
{[%clk 0:02:41]} 19. Bd4 {[%clk 0:02:32]} Qd7 {[%clk 0:02:41]} 20. Nh4
{[%clk 0:02:05]} Be7 {[%clk 0:01:38]} 21. Rad1 {[%clk 0:01:55]} Qc6
{[%clk 0:01:24]} 22. Qf3 {[%clk 0:01:15]} Ne4 {[%clk 0:01:24]} 23. Nf5
{[%clk 0:01:10]} Bf8 {[%clk 0:01:24]} 24. Qg4 {[%clk 0:00:27]} Qg6
{[%clk 0:01:23]} 25. Qxg6 {[%clk 0:00:27]} fxg6 {[%clk 0:01:23]} 26. Ne3
{[%clk 0:00:27]} Rad8 {[%clk 0:01:23]} 27. f3 {[%clk 0:00:14]} Ng5
{[%clk 0:01:23]} 28. Kg2 {[%clk 0:00:14]} Re6 {[%clk 0:01:18]} 29. h4
{[%clk 0:00:14]} Nf7 {[%clk 0:01:18]} 30. Nc2 {[%clk 0:00:14]} Rde8
{[%clk 0:01:08]} 31. Rxe6 {[%clk 0:00:14]} Rxe6 {[%clk 0:01:08]} 32. Be3
{[%clk 0:00:14]} Ne5 {[%clk 0:01:08]} 33. b3 {[%clk 0:00:13]} Rc6
{[%clk 0:01:08]} 34. Bd4 {[%clk 0:00:13]} Nd7 {[%clk 0:00:59]} 35. Ne3
{[%clk 0:00:13]} Rd6 {[%clk 0:00:59]} 36. Ba7 {[%clk 0:00:13]} Nf6
{[%clk 0:00:50]} 37. Bb8 {[%clk 0:00:13]} Re6 {[%clk 0:00:46]} 38. Kf2
{[%clk 0:00:13]} Bc5 {[%clk 0:00:46]} 39. Rd3 {[%clk 0:00:12]} g5
{[%clk 0:00:40]} 40. hxg5 {[%clk 0:00:12]} hxg5 {[%clk 0:00:40]} 41. g4
{[%clk 0:00:12]} a5 {[%clk 0:00:37]} 42. a4 {[%clk 0:00:12]} Kf7 {[%clk 0:00:37]}
43. Ke2 {[%clk 0:00:12]} Nd7 {[%clk 0:00:37]} 44. Bg3 {[%clk 0:00:12]} Bxe3
{[%clk 0:00:32]} 45. Rxe3 {[%clk 0:00:12]} Nc5 {[%clk 0:00:32]} 46. b4
{[%clk 0:00:11]} Nxa4 {[%clk 0:00:27]} 47. Be5 {[%clk 0:00:10]} axb4
{[%clk 0:00:26]} 48. cxb4 {[%clk 0:00:10]} Nb6 {[%clk 0:00:26]} 49. Bd4
{[%clk 0:00:10]} Nc4 {[%clk 0:00:21]} 50. Rxe6 {[%clk 0:00:10]} Kxe6
{[%clk 0:00:21]} 51. Bxg7 {[%clk 0:00:10]} Ne5 {[%clk 0:00:21]} 52. Ke3
{[%clk 0:00:08]} b5 {[%clk 0:00:21]} 53. Bf8 {[%clk 0:00:08]} Nc6
{[%clk 0:00:19]} 54. Bc5 {[%clk 0:00:08]} Ke5 {[%clk 0:00:19]} 55. Bb6
{[%clk 0:00:08]} d4+ {[%clk 0:00:19]} 56. Kd2 {[%clk 0:00:05]} Nxb4
{[%clk 0:00:11]} 57. Bc7+ {[%clk 0:00:05]} Kf6 {[%clk 0:00:08]} 58. Bd8+
{[%clk 0:00:05]} Kg6 {[%clk 0:00:08]} 59. Bb6 {[%clk 0:00:05]} Nc6
{[%clk 0:00:08]} 60. Kd3 {[%clk 0:00:05]} Ne5+ {[%clk 0:00:08]} 61. Ke4
{[%clk 0:00:05]} Nc6 {[%clk 0:00:07]} 62. Bc5 {[%clk 0:00:05]} b4
{[%clk 0:00:07]} 63. Kd5 {[%clk 0:00:05]} b3 {[%clk 0:00:07]} 64. Ba3
{[%clk 0:00:05]} d3 {[%clk 0:00:07]} 0-1